Detalles MARC
| 000 -CABECERA |
| campo de control de longitud fija |
01849nam a2200313 i 4500 |
| 003 - IDENTIFICADOR DEL NÚMERO DE CONTROL |
| campo de control |
DO-SdBNP |
| 005 - FECHA Y HORA DE LA ÚLTIMA TRANSACCIÓN |
| campo de control |
20260321073646.0 |
| 006 - CÓDIGOS DE INFORMACIÓN DE LONGITUD FIJA--CARACTERÍSTICAS DEL MATERIAL ADICIONAL |
| campo de control de longitud fija |
a||||gr|||| 00| 0 |
| 007 - CAMPO FIJO DE DESCRIPCIÓN FÍSICA--INFORMACIÓN GENERAL |
| campo de control de longitud fija |
ta |
| 008 - DATOS DE LONGITUD FIJA--INFORMACIÓN GENERAL |
| campo de control de longitud fija |
240513t2023 dr ||||| |||| 00| e spa d |
| 020 ## - NÚMERO INTERNACIONAL ESTÁNDAR DEL LIBRO |
| Número Internacional Estándar del Libro |
9789945629323 |
| 040 ## - FUENTE DE LA CATALOGACIÓN |
| Centro catalogador/agencia de origen |
DO-SdBNP |
| Lengua de catalogación |
spa |
| Centro/agencia transcriptor |
BNPHU |
| Normas de descripción |
rda |
| 082 #4 - NÚMERO DE LA CLASIFICACIÓN DECIMAL DEWEY |
| Número de edición |
22 |
| Número de documento/Ítem |
V496c |
| 245 ## - MENCIÓN DE TÍTULO |
| Título |
Del Cibao real al Cibao de Bosch: |
| Resto del título |
ensayo crítico / |
| Mención de responsabilidad, etc. |
Pedro Vergés. |
| 264 #4 - PRODUCCIÓN, PUBLICACIÓN, DISTRIBUCIÓN, FABRICACIÓN Y COPYRIGHT |
| Producción, publicación, distribución, fabricación y copyright |
Santo Domingo : |
| Nombre del de productor, editor, distribuidor, fabricante |
Banco Central de la República Dominicana, |
| Fecha de producción, publicación, distribución, fabricación o copyright |
©2023 |
| 300 ## - DESCRIPCIÓN FÍSICA |
| Extensión |
488 páginas ; |
| Dimensiones |
23 cm. |
| 336 ## - TIPO DE CONTENIDO |
| Término de tipo de contenido |
texto |
| Código de tipo de contenido |
txt |
| Fuente |
rdacontent |
| 337 ## - TIPO DE MEDIO |
| Nombre/término del tipo de medio |
sin mediación |
| Código del tipo de medio |
n |
| Fuente |
rdamedia |
| 338 ## - TIPO DE SOPORTE |
| Nombre/término del tipo de soporte |
volumen |
| Código del tipo de soporte |
nc |
| Fuente |
rdacarrier |
| 490 ## - MENCIÓN DE SERIE |
| Mención de serie |
Arte y Literatura ; |
| Designación de volumen o secuencia |
306 |
| 500 ## - NOTA GENERAL |
| Nota general |
Incluye datos biográficos del autor en las solapas de las cubiertas. |
| 500 ## - NOTA GENERAL |
| Nota general |
Incluye índice Onomástico. |
| 504 ## - NOTA DE BIBLIOGRAFÍA, ETC. |
| Nota de bibliografía, etc. |
Bibliografía: páginas 459 - 468 |
| 505 ## - NOTA DE CONTENIDO CON FORMATO |
| Nota de contenido con formato |
Introducción. |
| Información miscelánea |
Primera Parte. |
| Título |
I. Dos precisiones necesarias.-- |
| Información miscelánea |
Segunda Parte. |
| Título |
I.- Entre el Cibao real y el Cibao de Bosch.-- II. La visión sociocultural. Entre la autonomía y la paráfrasis.-- III. El Cibao de Bosch y los poderes que lo asedian. VI. La visión relúrica. |
| Información miscelánea |
Tercera Parte. |
| Título |
I. El mismo Cibao de los cuentos, ahora en una novela.-- II. Bajo la sombra del cuentista. III. <br/>Consideraciones generales derivadas de lo dicho hasta ahora de La Mañosa. |
| Información miscelánea |
Cuarta Parte. |
| Título |
I. Segundo conjunto. Los otros cuentos y la otra novela.-- II. Primero los cuentos.-- III. El Oro y la Paz, la segunda novela, el sexto y último apartado de la clasificación. |
| -- |
Conclusiones.-- |
| -- |
Bibliografía.-- |
| -- |
Índice onomástico.-- |
| -- |
Colección del Banco Central de la República Dominicana. |
| 590 ## - NOTA LOCAL (RLIN) |
| Nota local |
Inventariado 2024 / MF |
| 600 10 - PUNTO DE ACCESO ADICIONAL DE MATERIA--NOMBRE DE PERSONA |
| Nombre de persona |
Bosch, Juan, |
| Fechas asociadas al nombre |
1909-2001 |
| 9 (RLIN) |
76555 |
| 830 ## - PUNTO DE ACCESO ADICIONAL DE SERIE-TÍTULO UNIFORME |
| Título uniforme |
Banco Central de la República Dominicana ; |
| Lenguaje de la obra |
spa |
| Número de parte o sección de la obra |
volumen 115 |
| 9 (RLIN) |
85445 |
| 942 ## - ELEMENTOS DE PUNTO DE ACCESO ADICIONAL (KOHA) |
| Fuente del sistema de clasificación o colocación |
Dewey Decimal Classification |
| Tipo de ítem Koha |
Libro |